000 00350nam a2200157 4500
001 45870
090 _a45870
100 _a20260318 pory50
101 _apor
102 _aPT
200 _aEdição Censurada
_dVisão
_fVisão
210 _aLisboa
_cMedipress
_d2009
215 _a114 p.
675 _a94(469)(05)
801 _aPT
_gRPC
990 _cPERIODICOS